Cấu trúc tiêu điểm thông tin trong câu phủ định Tiếng Anh và Tiếng Việt : Luận án Tiến sĩ Ngữ văn - Chuyên ngành: Ngôn ngữ học so sánh - đối chiếu

Guardat en:
Dades bibliogràfiques
Autor principal: Huỳnh, Thị Bích Phượng
Format: Luận văn
Idioma:Undetermined
Publicat: Trường Đại học Khoa học Xã hội và Nhân văn Tp. Hồ Chí Minh 2017
Matèries:
Etiquetes: Afegir etiqueta
Sense etiquetes, Sigues el primer a etiquetar aquest registre!
Thư viện lưu trữ: Trung tâm Thư viện - Trường Đại học Công nghiệp TP. Hồ Chí Minh
LEADER 00779nam a2200157Ia 4500
001 UIH_01770
008 230809s9999 xx 000 0 und d
082 |a 410 
100 |a Huỳnh, Thị Bích Phượng 
245 0 |a Cấu trúc tiêu điểm thông tin trong câu phủ định Tiếng Anh và Tiếng Việt : Luận án Tiến sĩ Ngữ văn - Chuyên ngành: Ngôn ngữ học so sánh - đối chiếu 
245 0 |c Huỳnh, Thị Bích Phượng 
260 |b Trường Đại học Khoa học Xã hội và Nhân văn Tp. Hồ Chí Minh 
260 |c 2017 
650 |a Ngôn ngữ học so sánh 
927 |a Luận văn 
980 |a Trung tâm Thư viện - Trường Đại học Công nghiệp TP. Hồ Chí Minh